[Event "Essent open"]
[Site "Hoogeveen"]
[Date "2005.10.21"]
[Round "1"]
[White "Van Geffen, Ben"]
[Black "Hasanova, Elmira"]
[Result "1/2-1/2"]
[WhiteElo "2118"]
[BlackElo "2342"]
[PlyCount "121"]
[EventDate "2005.10.21"]

1. e4 c5 2. Nf3 d6 3. d4 cxd4 4. Nxd4 Nf6 5. Nc3 a6 6. Bg5 e6 7. f4 Nc6 8. Qd3
h6 9. Bh4 g5 10. Nxc6 bxc6 11. fxg5 Ng4 12. Bg3 Qxg5 13. Bxd6 Bxd6 14. Qxd6
Qe3+ 15. Be2 Qf2+ 16. Kd2 Bb7 17. Raf1 Qe3+ 18. Ke1 Rd8 19. Qf4 Qxf4 20. Rxf4
Ne3 21. Kf2 Nxc2 22. Rd1 Ke7 23. e5 c5 24. Bh5 Rdf8 25. Na4 Rhg8 26. g4 Nb4 27.
Nxc5 Nd5 28. Rf3 Bc6 29. Nxa6 f6 30. Rc1 Rc8 31. a3 fxe5 32. Rf7+ Kd6 33. Nb4
Nxb4 34. axb4 Rgf8 35. Ke3 Rxf7 36. Bxf7 Rb8 37. Bxe6 Rxb4 38. b3 Re4+ 39. Kf2
Rf4+ 40. Ke3 Rf3+ 41. Ke2 Rh3 42. Bc4 Rxh2+ 43. Ke3 Rh3+ 44. Kd2 Rg3 45. Rf1
Bf3 46. Be2 Bxe2 47. Kxe2 Rh3 48. Rf3 Rh4 49. Kd3 Kd5 50. Rf6 Rh3+ 51. Kc2 e4
52. Kd2 Kd4 53. b4 Rh2+ 54. Kc1 e3 55. Kd1 Kd3 56. Rd6+ Ke4 57. Rf6 Ke5 58.
Rf5+ Ke4 59. Rh5 Rd2+ 60. Ke1 Rd6 61. g5 1/2-1/2

[Event "Essent open"]
[Site "Hoogeveen"]
[Date "2005.10.21"]
[Round "1"]
[White "Habu, Yoshiharu"]
[Black "Ouwendijk, Vincent"]
[Result "1-0"]
[WhiteElo "2341"]
[BlackElo "2107"]
[PlyCount "115"]
[EventDate "2005.10.21"]

1. e4 e5 2. Nf3 Nf6 3. Nxe5 d6 4. Nf3 Nxe4 5. d4 d5 6. Bd3 Be7 7. O-O Nc6 8. c4
Nb4 9. Be2 O-O 10. Nc3 Bf5 11. a3 Nxc3 12. bxc3 Nc6 13. cxd5 Qxd5 14. Re1 Bf6
15. Bf4 Rfe8 16. Bxc7 Rac8 17. Bf4 Na5 18. Qa4 Bd7 19. Qb4 Be7 20. Qb2 Qb3 21.
Qxb3 Nxb3 22. Rab1 Rxc3 23. Bd1 Na5 24. Bd2 Rxa3 25. Rxe7 Rxe7 26. Bb4 Bf5 27.
Bxa3 Bxb1 28. Bxe7 Nc6 29. Ba3 Ba2 30. Bb2 f6 31. Nd2 Kf7 32. f4 Ke6 33. Bf3 f5
34. Bxc6 bxc6 35. Kf2 g6 36. Ke3 Kd5 37. Kd3 h6 38. h4 h5 39. g3 a6 40. Ba3 Ke6
41. Nc4 Bb1+ 42. Kc3 Kd5 43. Nd2 Ba2 44. Bc5 Ke6 45. Kb4 Bd5 46. Ka5 Be4 47.
Kxa6 Bd3+ 48. Kb6 Kd7 49. Nf3 Ke6 50. Ne5 Bf1 51. Nxc6 Kd5 52. Ne7+ Ke4 53. d5
Bc4 54. d6 Be6 55. Kc7 Kf3 56. d7 Bxd7 57. Kxd7 Kxg3 58. Nxg6 1-0

[Event "Essent open"]
[Site "Hoogeveen"]
[Date "2005.10.21"]
[Round "1"]
[White "Van Beek, Alexander"]
[Black "Kulago, Alexander"]
[Result "1-0"]
[WhiteElo "2334"]
[BlackElo "2103"]
[PlyCount "61"]
[EventDate "2005.10.21"]

1. d4 d5 2. c4 e6 3. Nf3 Nf6 4. Bg5 c6 5. e3 Nbd7 6. cxd5 exd5 7. Nc3 Be7 8.
Qc2 O-O 9. Bd3 Re8 10. h3 h6 11. Bf4 Nf8 12. O-O Ne6 13. Bh2 Bd6 14. Bxd6 Qxd6
15. Rab1 a5 16. a3 Bd7 17. Ne5 c5 18. Nxd7 Nxd7 19. dxc5 Ndxc5 20. Rfd1 Nxd3
21. Rxd3 Rac8 22. Qd2 d4 23. exd4 Nf4 24. Rf3 g5 25. Rd1 Re7 26. Re3 Rec7 27.
d5 Rc4 28. Rde1 R8c7 29. Nb5 Qc5 30. Nxc7 Rc2 31. Rc3 1-0

[Event "Essent open"]
[Site "Hoogeveen"]
[Date "2005.10.21"]
[Round "1"]
[White "Woudt, Edwin"]
[Black "Slingerland, Fred"]
[Result "1/2-1/2"]
[WhiteElo "2103"]
[BlackElo "2325"]
[PlyCount "63"]
[EventDate "2005.10.21"]

1. e4 c5 2. Nf3 Nc6 3. Bb5 g6 4. Bxc6 bxc6 5. d3 Bg7 6. O-O e5 7. Qe2 Ne7 8.
Nbd2 O-O 9. h3 d6 10. Re1 f5 11. Nf1 Kh8 12. Bd2 Ng8 13. Ng3 Nf6 14. b4 cxb4
15. Bxb4 Rb8 16. Rab1 fxe4 17. dxe4 Qe7 18. Qd3 c5 19. Ba5 Rxb1 20. Rxb1 d5 21.
exd5 e4 22. Qe2 Nxd5 23. Qxe4 Qf7 24. Re1 Nf4 25. Re3 Qxa2 26. Bc7 Nd5 27. Bd6
Nxe3 28. Bxf8 Bxf8 29. Qxe3 Qe6 30. Qc3+ Kg8 31. Ng5 Qd5 32. N5e4 1/2-1/2

[Event "Essent open"]
[Site "Hoogeveen"]
[Date "2005.10.21"]
[Round "1"]
[White "Rothuis, Vincent"]
[Black "Schelwokat, Peter"]
[Result "1-0"]
[WhiteElo "2313"]
[BlackElo "2076"]
[PlyCount "58"]
[EventDate "2005.10.21"]

1. e4 e5 2. Nf3 Nf6 3. Nc3 Nc6 4. a3 d6 5. Bb5 Bd7 6. O-O Be7 7. Re1 O-O 8.
Bxc6 Bxc6 9. d4 exd4 10. Nxd4 Bd7 11. h3 h6 12. Qf3 c6 13. Bf4 Nh7 14. Rad1 f5
15. exf5 Bxf5 16. Bxh6 Bd7 17. Qg3 Rf7 18. Nf3 Qa5 19. Ne5 dxe5 20. Rxd7 Bh4
21. Rxf7 Bxg3 22. Rxg7+ Kh8 23. Rxg3 Rg8 24. Rge3 Rg6 25. Rxe5 Qb6 26. Re8+ Rg8
27. R1e7 Rxe8 28. Rxe8+ Nf8 29. b3 Qc5 1-0

[Event "Essent open"]
[Site "Hoogeveen"]
[Date "2005.10.21"]
[Round "1"]
[White "Holscher, Peter"]
[Black "Pruijssers, Roeland"]
[Result "1/2-1/2"]
[WhiteElo "2068"]
[BlackElo "2310"]
[PlyCount "152"]
[EventDate "2005.10.21"]

1. d4 Nf6 2. Nf3 g6 3. g3 Bg7 4. Bg2 O-O 5. O-O d6 6. c4 c6 7. Nc3 Nbd7 8. h3
e5 9. Be3 Re8 10. Qd2 e4 11. Nh2 d5 12. cxd5 cxd5 13. Rac1 Nb8 14. Rfd1 Nc6 15.
Nf1 Be6 16. Na4 Rc8 17. Nc5 b6 18. Nxe6 fxe6 19. Rc2 Qd7 20. Rdc1 Rf8 21. Nh2
Ne8 22. Ng4 Nd6 23. Bh6 Nxd4 24. Rxc8 Nxc8 25. Bf4 Qf7 26. Rc7 Ne7 27. Rxa7 h5
28. Nh2 e5 29. Be3 Ndc6 30. Rc7 d4 31. Bxe4 dxe3 32. Qxe3 Nd4 33. Nf3 Nxf3+ 34.
exf3 Qe6 35. Rb7 Nf5 36. Rxb6 Qxa2 37. Qg5 Qa1+ 38. Kg2 Qa7 39. Qxg6 Qf7 40.
Qxf7+ Rxf7 41. Bd5 h4 42. Rb7 Nd6 43. Rd7 Bf8 44. b4 Kg7 45. Bxf7 Nxf7 46. b5
Bc5 47. Rc7 Bd4 48. Rc6 Nd8 49. Rd6 Nf7 50. Re6 Nd8 51. Re7+ Kf6 52. Rh7 hxg3
53. fxg3 Nf7 54. Rh4 Nd6 55. Rh6+ Ke7 56. h4 Nxb5 57. g4 Be3 58. g5 Nd4 59. Rf6
Bf4 60. Ra6 Kf7 61. Ra3 Kg6 62. Ra6+ Kf7 63. Kh3 Nxf3 64. Kg4 Nd4 65. h5 Ne6
66. Ra7+ Kg8 67. g6 Be3 68. Re7 Ng7 69. Rxe5 Bh6 70. Re7 Nxh5 71. Kxh5 Bd2 72.
Kg4 Bc3 73. Kf5 Bd4 74. g7 Kh7 75. g8=Q+ Kxg8 76. Kg6 Kf8 1/2-1/2

[Event "Essent open"]
[Site "Hoogeveen"]
[Date "2005.10.21"]
[Round "1"]
[White "Van Leent, Dimitri"]
[Black "Van Nies, Pauline"]
[Result "1-0"]
[WhiteElo "2309"]
[BlackElo "2063"]
[PlyCount "125"]
[EventDate "2005.10.21"]

1. c4 Nf6 2. g3 g6 3. Bg2 Bg7 4. Nc3 c5 5. a3 Nc6 6. Rb1 O-O 7. b4 cxb4 8. axb4
Ne5 9. Qb3 d6 10. d3 Nfd7 11. Nh3 a5 12. Ra1 Nc6 13. b5 Nc5 14. Qb2 Nd4 15. Ra3
Bg4 16. Qb1 e5 17. Ng1 Re8 18. h3 Bf5 19. g4 Bd7 20. e3 Nde6 21. Nge2 Rb8 22.
h4 b6 23. Ng3 Nc7 24. g5 Be6 25. e4 Bc8 26. Be3 N7e6 27. Nd5 Bb7 28. Qd1 Bxd5
29. exd5 Nf4 30. Be4 Nxe4 31. Nxe4 Nh5 32. Kd2 f5 33. gxf6 Bxf6 34. Qg4 Qe7 35.
Raa1 Rf8 36. Rag1 Kh8 37. Rh3 Rb7 38. Bh6 Re8 39. Be3 Rf8 40. Bh6 Re8 41. Rf3
a4 42. Ra1 Ra7 43. Be3 Rb8 44. Qe6 Qxe6 45. dxe6 Bxh4 46. Nxd6 Bf6 47. Ne4 Be7
48. Kc3 Ng7 49. Ng5 e4 50. Nxe4 Nxe6 51. d4 Ng7 52. Ng5 Nf5 53. Nf7+ Kg8 54.
Ne5 Rc8 55. Nc6 Raa8 56. Rxf5 Rxc6 57. bxc6 gxf5 58. Bf4 a3 59. Kb3 Kf7 60. d5
Bc5 61. d6 Ke6 62. d7 Bd6 63. Re1+ 1-0

[Event "Essent open"]
[Site "Hoogeveen"]
[Date "2005.10.22"]
[Round "2"]
[White "Rozentalis, Eduardas"]
[Black "Willemze, Thomas"]
[Result "1/2-1/2"]
[WhiteElo "2585"]
[BlackElo "2363"]
[PlyCount "46"]
[EventDate "2005.10.21"]

1. e4 c6 2. d4 d5 3. exd5 cxd5 4. c4 Nf6 5. Nc3 e6 6. Nf3 Bb4 7. Bd3 dxc4 8.
Bxc4 O-O 9. O-O Nbd7 10. Bg5 Qc7 11. Bd3 Bxc3 12. Rc1 b6 13. Rxc3 Qd6 14. Ne5
Nxe5 15. Bxf6 Ng6 16. Bxg6 hxg6 17. Be5 Qd5 18. Qg4 Bb7 19. Rg3 Qe4 20. Qxe4
Bxe4 21. Rc1 Rfd8 22. Re3 Rac8 23. Rxc8 Rxc8 1/2-1/2

[Event "Essent open"]
[Site "Hoogeveen"]
[Date "2005.10.22"]
[Round "2"]
[White "Michielsen, Joost"]
[Black "Brodsky, Michail"]
[Result "0-1"]
[WhiteElo "2362"]
[BlackElo "2564"]
[PlyCount "72"]
[EventDate "2005.10.21"]

1. e4 e5 2. Nf3 Nc6 3. Bb5 a6 4. Bxc6 bxc6 5. O-O d6 6. d4 f6 7. Nh4 Be6 8. Nc3
g6 9. f4 exd4 10. Qxd4 Bg7 11. f5 Bf7 12. Be3 Ne7 13. Qd3 O-O 14. Bd4 g5 15.
Nf3 c5 16. Be3 Nc6 17. Nd5 Re8 18. Bd2 g4 19. Nh4 Ne5 20. Qc3 Qd7 21. Rae1 Bxd5
22. exd5 Qf7 23. b4 Qxd5 24. bxc5 dxc5 25. Be3 Bf8 26. Rd1 Qc4 27. Qxc4+ Nxc4
28. Bf4 Re2 29. Rf2 Rae8 30. Bxc7 Re1+ 31. Rf1 Rxd1 32. Rxd1 Re2 33. Bd8 Kf7
34. Rd7+ Ke8 35. Rd1 Ne3 36. Rd3 c4 0-1

[Event "Essent open"]
[Site "Hoogeveen"]
[Date "2005.10.22"]
[Round "2"]
[White "Spoelman, Wouter"]
[Black "Kharitonov, Alexandr"]
[Result "0-1"]
[WhiteElo "2362"]
[BlackElo "2545"]
[PlyCount "114"]
[EventDate "2005.10.21"]

1. e4 c6 2. d4 d5 3. Nc3 dxe4 4. Nxe4 Bf5 5. Ng3 Bg6 6. h4 h6 7. Nf3 Nd7 8. Bd3
Bxd3 9. Qxd3 e6 10. Bf4 Ngf6 11. O-O-O Be7 12. Kb1 Qa5 13. Ne5 Rd8 14. Ne4 O-O
15. Nxf6+ Nxf6 16. g4 c5 17. g5 Rxd4 18. Qf3 Nd5 19. Rxd4 cxd4 20. gxh6 g6 21.
h5 g5 22. Rg1 Nxf4 23. Qxf4 Qe1+ 24. Rxe1 gxf4 25. Rd1 Kh7 26. Rxd4 Bf6 27. Re4
Bxe5 28. Rxe5 Rg8 29. b4 Rg2 30. Rc5 Rxf2 31. Rc7 Kxh6 32. Rxb7 f5 33. Rxa7 f3
34. Ra3 Rf1+ 35. Kb2 f2 36. Rf3 Kxh5 37. b5 Kg4 38. Rxf2 Rxf2 39. b6 Rd2 40. a4
f4 41. b7 Rd8 42. a5 f3 43. a6 f2 44. a7 f1=Q 45. b8=Q Qf8 46. Qb7 Kf4 47. Qc7+
e5 48. Qc4+ Kg5 49. Qe4 Qe8 50. c4 Kf6 51. Kb3 Ke6 52. Qb7 e4 53. Qxe4+ Kd6 54.
Qb7 Rc8 55. Qb4+ Kc7 56. Qa5+ Kb7 57. Qb4+ Ka8 0-1

[Event "Essent open"]
[Site "Hoogeveen"]
[Date "2005.10.22"]
[Round "2"]
[White "L'Ami, Erwin"]
[Black "Grooten, Herman"]
[Result "1-0"]
[WhiteElo "2541"]
[BlackElo "2350"]
[PlyCount "111"]
[EventDate "2005.10.21"]

1. e4 c6 2. d4 d5 3. Nc3 g6 4. e5 Nh6 5. f4 Bg4 6. Qd2 f6 7. h3 Bf5 8. g4 Be4
9. Nxe4 dxe4 10. Bc4 Nd7 11. Qe3 Nb6 12. Be6 Nd5 13. Qxe4 f5 14. gxf5 Nc7 15.
Nf3 Nxe6 16. fxe6 Nf5 17. Rg1 Qd5 18. Qxd5 cxd5 19. Ke2 Bh6 20. b3 Rc8 21. Kd3
O-O 22. c4 Rfd8 23. h4 Rc6 24. cxd5 Rxd5 25. Ke4 Rd8 26. d5 Rc5 27. h5 Kg7 28.
hxg6 hxg6 29. Ba3 Rcxd5 30. Rxg6+ Kxg6 31. Rg1+ Kh7 32. Kxf5 Rf8+ 33. Ke4 Ra5
34. Bc1 Rxa2 35. Nd4 Rc8 36. Rh1 Kg8 37. Be3 Bf8 38. Rg1+ Kh7 39. Rh1+ Kg8 40.
Rg1+ Kh7 41. f5 Bg7 42. Bg5 Rc5 43. f6 Rxe5+ 44. Kxe5 exf6+ 45. Kd6 Bf8+ 46. e7
Bxe7+ 47. Kxe7 fxg5 48. Rxg5 a5 49. Nf5 b5 50. Rg7+ Kh8 51. Kf8 Rf2 52. Rg5 Kh7
53. Kf7 Rh2 54. Nd4 Rh4 55. Rxb5 Rf4+ 56. Rf5 1-0

[Event "Essent open"]
[Site "Hoogeveen"]
[Date "2005.10.22"]
[Round "2"]
[White "Fominykh, Maria"]
[Black "Cebalo, Miso"]
[Result "1/2-1/2"]
[WhiteElo "2335"]
[BlackElo "2512"]
[PlyCount "82"]
[EventDate "2005.10.21"]

1. Nf3 Nf6 2. c4 g6 3. Nc3 d6 4. g3 c5 5. Bg2 Nc6 6. O-O Bd7 7. a3 Bg7 8. Rb1
a5 9. b3 O-O 10. Bb2 Rb8 11. Nb5 Qc8 12. Re1 Bh3 13. Bh1 h6 14. d3 Qd7 15. Qd2
Rbc8 16. Nc3 e5 17. Nh4 Be6 18. Nd5 g5 19. Nxf6+ Bxf6 20. Ng2 b6 21. Ne3 Bg7
22. Nd5 Rb8 23. e3 f5 24. f4 Ne7 25. Nxe7+ Qxe7 26. Bc6 Kh8 27. b4 axb4 28.
axb4 Bf6 29. bxc5 bxc5 30. Bc3 Qg7 31. Kh1 Rxb1 32. Rxb1 exf4 33. Bxf6 Qxf6 34.
exf4 Kg7 35. Qb2 Qxb2 36. Rxb2 gxf4 37. gxf4 Kf6 38. Kg2 Rg8+ 39. Kf2 Rg4 40.
Ke3 Rg1 41. Kf2 Rg4 1/2-1/2

[Event "Essent open"]
[Site "Hoogeveen"]
[Date "2005.10.22"]
[Round "2"]
[White "Van der Wiel, John"]
[Black "Van Beek, Alexander"]
[Result "1/2-1/2"]
[WhiteElo "2503"]
[BlackElo "2334"]
[PlyCount "37"]
[EventDate "2005.10.21"]

1. e4 c6 2. d4 d5 3. e5 Bf5 4. h4 h5 5. c4 e6 6. Nc3 Nd7 7. cxd5 cxd5 8. Bg5
Be7 9. Nge2 a6 10. Qd2 Rc8 11. Rc1 Nb6 12. Bxe7 Nxe7 13. b3 Rc6 14. g3 Qc7 15.
Bg2 O-O 16. O-O Rc8 17. Qg5 Bg6 18. Bf3 Nf5 19. Rfd1 1/2-1/2

[Event "Essent open"]
[Site "Hoogeveen"]
[Date "2005.10.22"]
[Round "2"]
[White "Henrichs, Thomas"]
[Black "Rothuis, Vincent"]
[Result "0-1"]
[WhiteElo "2447"]
[BlackElo "2313"]
[PlyCount "79"]
[EventDate "2005.10.21"]

{**Extended header information:|||S2/time ||**} 1. e4 e5 2. Nf3 Nc6 3. Bb5 Nf6
4. O-O Nxe4 5. d4 Nd6 6. Bxc6 dxc6 7. dxe5 Nf5 8. Qxd8+ Kxd8 9. Nc3 Bd7 10. Rd1
Kc8 11. Ng5 Be8 12. b3 b6 13. Bb2 h6 14. Nge4 c5 15. Nd5 Bc6 16. c4 a5 17. a4
Kb7 18. Rd3 Rd8 19. Rad1 Nd4 20. Bxd4 cxd4 21. Rxd4 Ba3 22. f4 Rhe8 23. Kf1 Re6
24. Nd2 Bc5 25. Rd3 f6 26. exf6 gxf6 27. Nf3 Re4 28. Nxf6 Rxd3 29. Rxd3 Rxf4
30. Nd5 Rf8 31. Ke2 Be8 32. Ne3 c6 33. Ne5 Kc7 34. g3 Rf6 35. Nf3 Bg6 36. Rc3
Re6 37. g4 Bc2 38. Nd2 Bd4 39. Rxc2 Rxe3+ 40. Kf1 0-1

[Event "Essent open"]
[Site "Hoogeveen"]
[Date "2005.10.22"]
[Round "2"]
[White "De Jong, Migchiel"]
[Black "Souleidis, Georgios"]
[Result "1/2-1/2"]
[WhiteElo "2277"]
[BlackElo "2421"]
[PlyCount "74"]
[EventDate "2005.10.21"]

1. Nf3 Nf6 2. b3 d6 3. d4 g6 4. Bb2 Bg7 5. e3 O-O 6. c4 Nbd7 7. Nc3 e5 8. Be2
Re8 9. Qc2 c6 10. h3 Nf8 11. dxe5 dxe5 12. Rd1 Qc7 13. O-O Bf5 14. e4 Be6 15.
c5 Nh5 16. Rfe1 Nf4 17. Bf1 Nd7 18. Na4 b5 19. cxb6 axb6 20. Ng5 Ra7 21. g3 h6
22. gxf4 hxg5 23. fxg5 b5 24. Nc3 Nc5 25. b4 Na4 26. Nxa4 bxa4 27. Bc3 Qe7 28.
h4 f6 29. Bd2 Qf7 30. Be3 Raa8 31. Rd2 fxg5 32. hxg5 a3 33. Rc1 Bf8 34. Qc3
Rab8 35. Rb1 Ra8 36. Rc1 Rab8 37. Rb1 Ra8 1/2-1/2

[Event "Essent open"]
[Site "Hoogeveen"]
[Date "2005.10.22"]
[Round "2"]
[White "Hoeksema, Erik"]
[Black "Van Veen, Oscar"]
[Result "0-1"]
[WhiteElo "2401"]
[BlackElo "2207"]
[PlyCount "86"]
[EventDate "2005.10.21"]

1. d4 Nf6 2. c4 g6 3. Nc3 Bg7 4. Nf3 d6 5. g3 O-O 6. Bg2 Nbd7 7. O-O e5 8. e4
c6 9. h3 Qb6 10. c5 dxc5 11. dxe5 Ne8 12. Na4 Qa6 13. Bg5 b5 14. Nc3 Nc7 15.
Be7 Re8 16. Bd6 Ne6 17. a4 b4 18. Ne2 Qa5 19. Qd2 Ba6 20. Rfe1 Rad8 21. Qe3 f6
22. exf6 Nxf6 23. e5 Nd5 24. Qd2 Nb6 25. b3 Nd5 26. Rac1 Rd7 27. Nh2 Qd8 28.
Ng4 h5 29. Ne3 Bh6 30. f4 h4 31. Nxd5 cxd5 32. Bxd5 hxg3 33. Qc2 Kh7 34. f5 Ng5
35. fxg6+ Kg7 36. Nxg3 Nxh3+ 37. Kh2 Nf4 38. Nf5+ Kh8 39. Bf7 Bd3 40. g7+ Bxg7
41. Qd2 Rxf7 42. Qxf4 Rxf5 43. Qg3 Rh5+ 0-1

[Event "Essent open"]
[Site "Hoogeveen"]
[Date "2005.10.22"]
[Round "2"]
[White "Giddins, Stephen"]
[Black "Brandenburg, Daan"]
[Result "1/2-1/2"]
[WhiteElo "2200"]
[BlackElo "2395"]
[PlyCount "63"]
[EventDate "2005.10.21"]

1. Nf3 Nf6 2. c4 g6 3. Nc3 Bg7 4. e4 d6 5. d4 O-O 6. Be2 e5 7. d5 Na6 8. Nd2 h5
9. a3 c5 10. h4 Ng4 11. Nf3 Nc7 12. Bd2 b5 13. cxb5 a6 14. a4 axb5 15. Nxb5
Nxb5 16. Bxb5 f5 17. Ng5 fxe4 18. O-O Bf5 19. Qe2 e3 20. Bxe3 e4 21. Rad1 Be5
22. g3 Qf6 23. Ne6 Nh2 24. Bg5 Nf3+ 25. Qxf3 exf3 26. Bxf6 Rxf6 27. Rd2 Bxe6
28. dxe6 Kf8 29. b3 Rxe6 30. Bc6 Rb8 31. Bxf3 Bd4 32. Rd3 1/2-1/2

[Event "Essent open"]
[Site "Hoogeveen"]
[Date "2005.10.22"]
[Round "2"]
[White "Atalik, Suat"]
[Black "Weeks, Manuel"]
[Result "1-0"]
[WhiteElo "2620"]
[BlackElo "2268"]
[PlyCount "79"]
[EventDate "2005.10.21"]

1. d4 Nf6 2. c4 e6 3. Nc3 Bb4 4. Qc2 O-O 5. a3 Bxc3+ 6. Qxc3 Ne4 7. Qc2 f5 8.
e3 b6 9. Ne2 Bb7 10. f3 Qh4+ 11. g3 Qf6 12. Bg2 Nd6 13. O-O c5 14. b3 cxd4 15.
exd4 Nc6 16. Bb2 Qh6 17. Rad1 Rae8 18. Nf4 Ne7 19. d5 exd5 20. Qd2 Nf7 21. Rfe1
Ng5 22. cxd5 Ng6 23. Rxe8 Rxe8 24. Re1 Rxe1+ 25. Qxe1 Nf8 26. Qe5 b5 27. Bd4
Nf7 28. Qxf5 Qd6 29. b4 Ng6 30. Bc5 Qc7 31. Nxg6 hxg6 32. Qxg6 Bxd5 33. Bd4
Qc1+ 34. Bf1 Qg5 35. Qxg5 Nxg5 36. Bxa7 Nxf3+ 37. Kf2 Bc6 38. Bxb5 Nxh2 39. Be2
Kf7 40. g4 1-0

[Event "Essent open"]
[Site "Hoogeveen"]
[Date "2005.10.22"]
[Round "2"]
[White "Van Ruitenburg, Joost"]
[Black "Rogers, Ian"]
[Result "0-1"]
[WhiteElo "2216"]
[BlackElo "2556"]
[PlyCount "94"]
[EventDate "2005.10.21"]

1. d4 Nf6 2. Bg5 Ne4 3. Bh4 c5 4. f3 g5 5. fxe4 gxh4 6. e3 Bh6 7. Nd2 Bxe3 8.
d5 d6 9. Nc4 Bd4 10. c3 Bf6 11. a4 Nd7 12. Qh5 Nf8 13. e5 dxe5 14. Nxe5 Ng6 15.
Bb5+ Kf8 16. Ngf3 Qd6 17. Nd3 Kg7 18. O-O a6 19. Bc4 Nf4 20. Nxf4 Qxf4 21. d6
Qxc4 22. Ne5 Qe6 23. Rae1 exd6 24. Rxf6 Qxf6 25. Rf1 dxe5 26. Rxf6 Kxf6 27.
Qxh4+ Ke6 28. Qc4+ Kd6 29. Qd3+ Kc7 30. Qd5 Be6 31. Qxc5+ Kd7 32. Qxe5 Rhd8 33.
b4 Rg8 34. b5 Rg4 35. a5 Rag8 36. g3 R8g5 37. Qh8 Rxb5 38. Qxh7 Ra4 39. Kf2
Rf5+ 40. Kg2 Ra2+ 41. Kg1 Rff2 42. Qd3+ Ke8 43. Qd6 Rg2+ 44. Kh1 Rxh2+ 45. Kg1
Rag2+ 46. Kf1 Bc4+ 47. Ke1 Rh1# 0-1

[Event "Essent open"]
[Site "Hoogeveen"]
[Date "2005.10.22"]
[Round "2"]
[White "Clemens, Adrian"]
[Black "Ernst, Sipke"]
[Result "1/2-1/2"]
[WhiteElo "2272"]
[BlackElo "2473"]
[PlyCount "83"]
[EventDate "2005.10.21"]

1. d4 f5 2. g3 Nf6 3. Bg2 g6 4. c4 Bg7 5. Nc3 O-O 6. Nh3 d6 7. d5 Na6 8. Rb1
Nc5 9. b4 Nfe4 10. Nxe4 Nxe4 11. Qc2 c6 12. Bb2 cxd5 13. Bxg7 Kxg7 14. cxd5 Qb6
15. Qb2+ Nf6 16. O-O Bd7 17. Nf4 Kf7 18. e3 Rfc8 19. Rfc1 Rxc1+ 20. Rxc1 a5 21.
a3 axb4 22. axb4 Ra4 23. Rb1 Qa7 24. h3 Ra2 25. Qc3 Qa3 26. Qc4 Ra1 27. Rxa1
Qxa1+ 28. Kh2 Qe1 29. Nd3 Qd2 30. Kg1 Ba4 31. Qd4 Qd1+ 32. Bf1 Bb3 33. b5 Ne4
34. Qh8 Qd2 35. Qxh7+ Ke8 36. Qg8+ Kd7 37. Qe6+ Kd8 38. Qg8+ Kc7 39. b6+ Kxb6
40. Qd8+ Ka7 41. Qa5+ Kb8 42. Qd8+ 1/2-1/2

[Event "Essent open"]
[Site "Hoogeveen"]
[Date "2005.10.22"]
[Round "2"]
[White "Vul, Arkadi Eremeevich"]
[Black "Van Opheusden, Bas"]
[Result "1/2-1/2"]
[WhiteElo "2423"]
[BlackElo "2190"]
[PlyCount "96"]
[EventDate "2005.10.21"]

1. Nf3 c5 2. c4 Nf6 3. Nc3 d5 4. cxd5 Nxd5 5. e4 Nb4 6. Bc4 Nd3+ 7. Ke2 Nf4+ 8.
Kf1 Ne6 9. d4 cxd4 10. Bxe6 Bxe6 11. Nxd4 Bc4+ 12. Kg1 Nc6 13. Nxc6 Qxd1+ 14.
Nxd1 bxc6 15. Be3 e6 16. f3 Be7 17. b3 Bb5 18. Rc1 Ba3 19. Rc2 O-O 20. Nb2 a5
21. Nc4 a4 22. Kf2 Rfd8 23. Nxa3 axb3 24. Nxb5 bxc2 25. Nd4 Rxa2 26. Rc1 c5 27.
Nxc2 f6 28. f4 Kf7 29. Kf3 c4 30. Nb4 Rb2 31. Rxc4 Kg6 32. h3 Rd1 33. Nc2 h5
34. h4 Rf1+ 35. Ke2 Rh1 36. Bf2 Rc1 37. Kd2 Rf1 38. Ke3 Rc1 39. Kd2 Rf1 40. Be3
Rh1 41. Ke2 Rxh4 42. Kf3 Rh1 43. Nd4 h4 44. f5+ exf5 45. Nxf5 Rf1+ 46. Kg4
Rxg2+ 47. Kh3 Re2 48. Kxh4 Rxf5 1/2-1/2

[Event "Essent open"]
[Site "Hoogeveen"]
[Date "2005.10.22"]
[Round "2"]
[White "Sareen, Vishal"]
[Black "Ahlers, Ben"]
[Result "1-0"]
[WhiteElo "2375"]
[BlackElo "2198"]
[PlyCount "83"]
[EventDate "2005.10.21"]

1. c4 Nf6 2. g3 g6 3. Bg2 Bg7 4. Nc3 d6 5. e4 O-O 6. Nge2 e5 7. O-O c6 8. d3
Be6 9. f4 Qb6+ 10. Kh1 Ng4 11. f5 Bc8 12. Qe1 Ne3 13. Na4 Nxg2 14. Kxg2 Qd8 15.
g4 d5 16. Nac3 d4 17. Nd1 Nd7 18. Rf3 Bf6 19. Qd2 Bg7 20. Rh3 Nf6 21. Nf2 h5
22. Rg3 h4 23. Rf3 Nh7 24. Nh3 g5 25. Rf1 a5 26. Neg1 f6 27. Nf3 Rf7 28. Nhxg5
Nxg5 29. Nxg5 fxg5 30. Qxg5 Qxg5 31. Bxg5 Bf6 32. Bxf6 Rxf6 33. g5 Rf7 34. Kh3
Rh7 35. Kg4 Bd7 36. g6 Rh8 37. Kg5 c5 38. a4 Ra6 39. Rf2 Rb6 40. Raf1 Rd6 41.
f6 Be6 42. f7+ 1-0

[Event "Essent open"]
[Site "Hoogeveen"]
[Date "2005.10.22"]
[Round "2"]
[White "Hasanova, Elmira"]
[Black "Woudt, Edwin"]
[Result "1-0"]
[WhiteElo "2342"]
[BlackElo "2103"]
[PlyCount "61"]
[EventDate "2005.10.21"]

1. d4 f5 2. Bg5 d5 3. e3 Be6 4. Nc3 Nf6 5. Bxf6 exf6 6. Bd3 Qd7 7. Qf3 Nc6 8.
a3 g6 9. Nge2 O-O-O 10. h3 h5 11. O-O-O Kb8 12. Nf4 Bf7 13. Bb5 Qd6 14. g4 fxg4
15. hxg4 hxg4 16. Qxg4 f5 17. Qg2 Rxh1 18. Qxh1 Ne7 19. Rg1 c6 20. Be2 b5 21.
Nd3 Bg7 22. Qh7 Qf6 23. Nc5 Kc7 24. Qh2+ Qd6 25. Qg2 Rh8 26. Bxb5 Bxd4 27. exd4
Qf4+ 28. Kb1 Rh2 29. Qf1 Qxd4 30. Nd3 Nc8 31. Bxc6 1-0

[Event "Essent open"]
[Site "Hoogeveen"]
[Date "2005.10.22"]
[Round "2"]
[White "Slingerland, Fred"]
[Black "Holscher, Peter"]
[Result "1-0"]
[WhiteElo "2325"]
[BlackElo "2069"]
[PlyCount "40"]
[EventDate "2005.10.21"]

1. e4 e6 2. d4 d5 3. Nc3 Bb4 4. a3 Bxc3+ 5. bxc3 dxe4 6. Qg4 Nf6 7. Qxg7 Rg8 8.
Qh6 Rg6 9. Qd2 c5 10. Ne2 Qa5 11. dxc5 Bd7 12. Nf4 Rg5 13. c4 Qxd2+ 14. Bxd2
Rxc5 15. Bb4 Rf5 16. Ne2 Na6 17. Bc3 Ng4 18. Ng3 Rxf2 19. Be2 Rf4 20. Nh5 e5
1-0

[Event "Essent open"]
[Site "Hoogeveen"]
[Date "2005.10.22"]
[Round "2"]
[White "Pruijssers, Roeland"]
[Black "Van Geffen, Ben"]
[Result "1-0"]
[WhiteElo "2310"]
[BlackElo "2118"]
[PlyCount "81"]
[EventDate "2005.10.21"]

1. e4 e5 2. Nf3 Nc6 3. Bb5 a6 4. Ba4 Nf6 5. O-O b5 6. Bb3 Be7 7. Re1 O-O 8. h3
d6 9. c3 h6 10. d4 Re8 11. Nbd2 Bf8 12. Nf1 Bd7 13. Ng3 Na5 14. Bc2 c5 15. b3
Nc6 16. d5 Ne7 17. Be3 Ng6 18. Qd2 a5 19. a4 bxa4 20. bxa4 Qc7 21. Nf5 Bxf5 22.
exf5 Nf4 23. c4 Nd7 24. Kh2 Nh5 25. g4 e4 26. gxh5 exf3 27. Rg1 Kh8 28. Rg3 Nf6
29. Rag1 Qe7 30. Rxf3 Qe5+ 31. Kh1 Ne4 32. Qd3 Nf6 33. Qf1 Qc3 34. Bd1 Qe5 35.
Qg2 Nxh5 36. Bxh6 Be7 37. Re3 Qf6 38. Bxh5 Qxh6 39. Bxf7 Rf8 40. Rxe7 Qf6 41.
Qg6 1-0

[Event "Essent open"]
[Site "Hoogeveen"]
[Date "2005.10.22"]
[Round "2"]
[White "Kolev, Atanas"]
[Black "Van der Veen, Jan"]
[Result "1-0"]
[WhiteElo "2559"]
[BlackElo "2196"]
[PlyCount "49"]
[EventDate "2005.10.21"]

1. e4 e5 2. Nf3 Nc6 3. d4 exd4 4. Nxd4 Nf6 5. Nxc6 bxc6 6. e5 Qe7 7. Qe2 Nd5 8.
c4 Nb6 9. Nc3 Qe6 10. Qe4 Ba6 11. b3 Bb4 12. Bd2 Bxc3 13. Bxc3 d5 14. Qh4 dxc4
15. Rc1 O-O 16. Be2 Nd5 17. Ba1 Nb4 18. bxc4 Nxa2 19. Rd1 c5 20. O-O Nb4 21. f4
f5 22. exf6 Qxe2 23. Rd7 Rf7 24. Rxf7 Kxf7 25. Re1 1-0

[Event "Essent open"]
[Site "Hoogeveen"]
[Date "2005.10.22"]
[Round "2"]
[White "Naumkin, Igor"]
[Black "Cako, Laszlo"]
[Result "1-0"]
[WhiteElo "2445"]
[BlackElo "2193"]
[PlyCount "55"]
[EventDate "2005.10.21"]

1. d4 Nf6 2. c4 e6 3. Nf3 b6 4. g3 Ba6 5. b3 Bb4+ 6. Bd2 Be7 7. Nc3 c6 8. Bg2
d5 9. O-O Nbd7 10. Qc2 Rc8 11. e4 dxc4 12. Rfe1 O-O 13. Rad1 cxb3 14. axb3 Bb7
15. Bg5 h6 16. e5 Nd5 17. Bxe7 Qxe7 18. Ne4 Ba8 19. Nd6 Rc7 20. Nh4 Nb8 21. Re4
c5 22. Rg4 cxd4 23. Qd2 f5 24. Ng6 Qd8 25. Nxf8 Kxf8 26. Nxf5 Nc6 27. Nxg7 Rxg7
28. Qxh6 1-0